Schweizer Kantone nach Beitrittsjahr - Statistiken

Allgemein
  • Dieses Quiz wurde 192 mal gespielt
  • Das Durchschnittsergebnis liegt bei 17 aus 26
Antwortstatistiken
Jahr Kanton % Korrekt
1291 Nidwalden
94%
1291 Obwalden
93%
1291 Schwyz
93%
1291 Uri
93%
1332 Luzern
81%
1351 Zürich
79%
1979 Jura
75%
1353 Bern
74%
1352 Glarus
73%
1352 Zug
72%
1481 Freiburg
63%
1481 Solothurn
63%
1815 Wallis
62%
1815 Genf
61%
1803 Aargau
59%
1501 Basel-Landschaft
59%
1501 Basel-Stadt
58%
1815 Neuenburg
57%
1803 Waadt
56%
1803 Graubünden
55%
1501 Schaffhausen
55%
1803 Tessin
55%
1513 Appenzell Ausserrhoden
54%
1513 Appenzell Innerrhoden
54%
1803 Thurgau
54%
1803 St. Gallen
50%
Keine übereinstimmenden Quizze gefunden
Verteilung der Resultate
Anzahl Personen mit jedem Resultat
Perzentil nach korrekt beantworteten Fragen
Ihre Resultats-Entwicklung
Sie haben dieses Quiz noch nicht gespielt